Nonmedical Use of Adderall among Full-Time College Students
| Körperschaft: | |
|---|---|
| Medienart: | Elektronisch Aufsatz |
| Sprache: | Englisch |
| Veröffentlicht: |
Substance Abuse and Mental Health Services Administration
2009
|
| In: | Enthalten in: NSDUH Report |
| Online-Zugang: |
Volltext (lizenzpflichtig) Volltext (lizenzpflichtig) Volltext (lizenzpflichtig) |
| Verfügbarkeit prüfen: | HBZ Gateway |
MARC
| LEADER | 00000caa a22000002c 4500 | ||
|---|---|---|---|
| 001 | 1912637928 | ||
| 003 | DE-627 | ||
| 005 | 20250123055013.0 | ||
| 007 | cr uuu---uuuuu | ||
| 008 | 241217s2009 xx |||||o 00| ||eng c | ||
| 035 | |a (DE-627)1912637928 | ||
| 035 | |a (DE-599)KXP1912637928 | ||
| 040 | |a DE-627 |b ger |c DE-627 |e rda | ||
| 041 | |a eng | ||
| 084 | |a 2,1 |2 ssgn | ||
| 110 | 2 | |a Office of Applied Studies |e VerfasserIn |4 aut | |
| 245 | 1 | 0 | |a Nonmedical Use of Adderall among Full-Time College Students |
| 264 | 1 | |b Substance Abuse and Mental Health Services Administration |c 2009 | |
| 336 | |a Text |b txt |2 rdacontent | ||
| 337 | |a Computermedien |b c |2 rdamedia | ||
| 338 | |a Online-Ressource |b cr |2 rdacarrier | ||
| 773 | 0 | 8 | |i Enthalten in |t NSDUH Report |
| 787 | 0 | 8 | |i Forschungsdaten |a United States Department of Health and Human Services. Substance Abuse and Mental Health Services Administration. Office of Applied Studies |t National Survey on Drug Use and Health, 2007 |d [Erscheinungsort nicht ermittelbar] : [Verlag nicht ermittelbar], 2008 |w (DE-627)1840045256 |
| 787 | 0 | 8 | |i Forschungsdaten |a United States Department of Health and Human Services. Substance Abuse and Mental Health Services Administration. Office of Applied Studies |t National Survey on Drug Use and Health, 2006 |d [Erscheinungsort nicht ermittelbar] : [Verlag nicht ermittelbar], 2007 |w (DE-627)1840048182 |
| 856 | 4 | 0 | |u http://www.oas.samhsa.gov/2k9/adderall/adderall.cfm |x Verlag |z lizenzpflichtig |3 Volltext |7 1 |
| 856 | 4 | 0 | |u http://www.oas.samhsa.gov/2k9/adderall/adderall.pdf |q application/pdf |x Verlag |z lizenzpflichtig |3 Volltext |7 1 |
| 856 | 4 | 0 | |u http://www.oas.samhsa.gov/2k9/adderall/adderall.htm |x Verlag |z lizenzpflichtig |3 Volltext |7 1 |
| 935 | |a mkri | ||
| 951 | |a AR | ||
| ELC | |a 1 | ||
| LOK | |0 000 xxxxxcx a22 zn 4500 | ||
| LOK | |0 001 4637603463 | ||
| LOK | |0 003 DE-627 | ||
| LOK | |0 004 1912637928 | ||
| LOK | |0 005 20241217044747 | ||
| LOK | |0 008 241217||||||||||||||||ger||||||| | ||
| LOK | |0 035 |a (DE-2619)ICPSR74307 | ||
| LOK | |0 040 |a DE-2619 |c DE-627 |d DE-2619 | ||
| LOK | |0 092 |o n | ||
| LOK | |0 852 |a DE-2619 | ||
| LOK | |0 852 1 |9 00 | ||
| LOK | |0 935 |a uvkn |a nacp | ||
| LOK | |0 939 |a 17-12-24 |b l01 | ||
| ORI | |a SA-MARC-krimdoka001.raw | ||
